| 000 | 01247cam a22003497a 4500 | ||
|---|---|---|---|
| 003 | CHAP | ||
| 005 | 20251020102238.0 | ||
| 008 | 971013s1991 r 00010 d | ||
| 010 | _a7965 | ||
| 011 | _a8937 | ||
| 035 | _a8171 | ||
| 040 | _cCHAP | ||
| 090 | _aTesis | ||
| 100 | 1 | 0 |
_aHuacuja Reynolds, Rafael _956567 |
| 245 | 0 | _aManual de manejo, reglamento interno y criterios generales para el diseño de una granja porcina Tepalcingo, Morelos | |
| 260 |
_aChapingo, Méx. : _bEl autor, _c1991 |
||
| 300 |
_a189 h. _e+ 19 planos |
||
| 502 | _aTesis ( Ing. Agr. Esp. en Industrias Agrícolas) -- UACH. Departamento de Industrias Agrícolas | ||
| 590 |
_aALEPH _b10 _c20130110 _lUCH01 _h1221 |
||
| 590 |
_aBATCH-UPD _b10 _c20130110 _lUCH01 _h0938 |
||
| 590 |
_aBATCH-UPD _b10 _c20130410 _lUCH01 _h0555 |
||
| 590 |
_aBATCH-UPD _b10 _c20130914 _lUCH01 _h1036 |
||
| 590 |
_aCONVERSION _b10 _c20130109 _lUCH01 _h1305 |
||
| 650 | 1 | 4 |
_aConstrucciones rurales. _927378 |
| 650 | 1 | 4 |
_aGanado porcino. _945328 |
| 650 | 1 | 4 |
_aGranjas porcinas. _950413 |
| 710 | 0 |
_aUACH. Departamento de Industrias Agrícolas. _9115870 |
|
| 901 | _aBK | ||
| 942 | _cFOLL | ||
| 949 |
_bBC _cTES _d-18323 _eTS1 _h26371 _i8171 _si |
||
| 949 |
_bBC _cTES _d-18325 _eTS2 _fc.2 _h26372 _i8171 _si |
||
| 999 |
_c7965 _d7965 |
||